000
00364nam a2200169Ia 4500
008
240830s1900 xx 000 0 und d
041
_a
mar
082
_a
1
100
_a
PARNJAPE
245
_a
SANJIVAN CHIKITSA PADHATI
250
_a
1
260
_c
1900
300
_a
200p
440
_v
I
906
_a
SANJIVAN CHIKITSA PADHATI
999
_c
1183966
_d
1183966